000 00708nam a2200265Ia 4500
005 20260302115703.0
008 008 260114s9999 xx 000 0 eng d
020 _a9798765105658
037 _aTextbook
040 _aCRL
040 _beng
040 _cCRL
041 _2eng
041 _aeng
084 _qCRL
100 _aLaura Stephenson
_91122344
245 0 _aCinema, Suffering and Psychoanalysis The Mechanism of Self
260 _bBloomsbury
260 _bBloomsbury Academic
260 _c2023
650 _aJournalism & mass Comm
856 _uhttps://doi.org/10.5040/9798765105658?locatt=label:secondary_bloomsburyCollections
942 _cEBOOK
999 _c1687118
_d1687118